<?xml version="1.0" encoding="UTF-8"?>
<collection xmlns="http://www.loc.gov/MARC21/slim">
<record>
  <controlfield tag="001">124600</controlfield>
  <controlfield tag="005">20230322092606.0</controlfield>
  <datafield tag="037" ind1=" " ind2=" ">
    <subfield code="a">TAZ-TFM-2022-1132</subfield>
  </datafield>
  <datafield tag="041" ind1=" " ind2=" ">
    <subfield code="a">spa</subfield>
  </datafield>
  <datafield tag="100" ind1="1" ind2=" ">
    <subfield code="a">Colás Biel, Inés</subfield>
  </datafield>
  <datafield tag="242" ind1="0" ind2="0">
    <subfield code="a">La Casa de Dios (Épila) and outsider art network of Aragón</subfield>
  </datafield>
  <datafield tag="245" ind1="0" ind2="0">
    <subfield code="a">La Casa de Dios (Épila) y red de arte outsider de Aragón</subfield>
  </datafield>
  <datafield tag="260" ind1=" " ind2=" ">
    <subfield code="a">Zaragoza</subfield>
    <subfield code="b">Universidad de Zaragoza</subfield>
    <subfield code="c">2022</subfield>
  </datafield>
  <datafield tag="506" ind1=" " ind2=" ">
    <subfield code="a">by-nc-sa</subfield>
    <subfield code="b">Creative Commons</subfield>
    <subfield code="c">3.0</subfield>
    <subfield code="u">http://creativecommons.org/licenses/by-nc-sa/3.0/</subfield>
  </datafield>
  <datafield tag="520" ind1=" " ind2=" ">
    <subfield code="a">La Casa de Dios fue la vivienda de Julio Basanta (1933 – 2018), creador de gran parte de la edificación y de las figuras que la rodean. Esta casa es una de las más originales creaciones de arte outsider de Aragón, investigada por investigada por especialistas como la doctora Jo Farb de la University of San Jose State (California), quien se ocupó de ella en su libro Singular Spaces y su blog divulgativo Spaces Archives. Sin embargo el Ayuntamiento de Épila, localidad en la que se encuentra, no ha habido interés por la conservación ni gestión del espacio, quedando en abandono desde el fallecimiento de Basanta y ante la falta de interés de sus herederos. Afortunadamente en 2021, Jorge Labé compró la casa para convertirla en un espacio de difusión artística y su propio hogar. &lt;br />El actual propietario apuesta por una gestión horizontal, donde todos los que se acerquen a este espacio puedan ser parte del proyecto. Por eso, con este trabajo me propongo diseñar un modelo de gestión de La Casa de Dios acorde con los deseos de Labé y con la finalidad última de crear una red de arte outsider aragonés en la que estén vinculados todos los ejemplos de la comunidad y así dar a conocer este tipo de manifestaciones artísticas locales.&lt;br />&lt;br /></subfield>
  </datafield>
  <datafield tag="521" ind1=" " ind2=" ">
    <subfield code="a">Máster Universitario en Gestión del Patrimonio Cultural</subfield>
  </datafield>
  <datafield tag="540" ind1=" " ind2=" ">
    <subfield code="a">Derechos regulados por licencia Creative Commons</subfield>
  </datafield>
  <datafield tag="700" ind1=" " ind2=" ">
    <subfield code="a">Castán Chocarro, Alberto</subfield>
    <subfield code="e">dir.</subfield>
  </datafield>
  <datafield tag="710" ind1="2" ind2=" ">
    <subfield code="a">Universidad de Zaragoza</subfield>
    <subfield code="b">Historia del Arte</subfield>
    <subfield code="c">Historia del Arte</subfield>
  </datafield>
  <datafield tag="856" ind1="0" ind2=" ">
    <subfield code="f">718363@unizar.es</subfield>
  </datafield>
  <datafield tag="856" ind1="4" ind2=" ">
    <subfield code="s">2083782</subfield>
    <subfield code="u">http://zaguan.unizar.es/record/124600/files/TAZ-TFM-2022-1132.pdf</subfield>
    <subfield code="y">Memoria (spa)</subfield>
  </datafield>
  <datafield tag="909" ind1="C" ind2="O">
    <subfield code="o">oai:zaguan.unizar.es:124600</subfield>
    <subfield code="p">driver</subfield>
    <subfield code="p">trabajos-fin-master</subfield>
  </datafield>
  <datafield tag="950" ind1=" " ind2=" ">
    <subfield code="a"></subfield>
  </datafield>
  <datafield tag="980" ind1=" " ind2=" ">
    <subfield code="a">TAZ</subfield>
    <subfield code="b">TFM</subfield>
    <subfield code="c">FFYL</subfield>
  </datafield>
  <datafield tag="999" ind1=" " ind2=" ">
    <subfield code="a">20221111084950.CREATION_DATE</subfield>
  </datafield>
  <datafield tag="951" ind1=" " ind2=" ">
    <subfield code="a">deposita:2023-03-21</subfield>
  </datafield>
</record>
</collection>